00544cam a2200169Ia 4500020001500000040000800015041000800023082002600031100001800057245010200075250001500177260004800192300003400240500006300274650001900337700001800356 a3823611690 cGZM1 hger a633 MAR 1991 A090 Co.1 aRehm, Sigmund14aThe cultivated plants of the tropics and subtropics :bcultivation, economic value, utilization / aEnglish ed aWeikersheim, West Germany :bMargraf,c1991 aviii, 552 p. :bill. ;c21 cm aTranslation of Die Kulturpflanzen der Tropen und Subtropen 0aTropical crops1 aEspig, Gustav